000 01287pab a2200169 454500
008 180718b2009 xxu||||| |||| 00| 0 eng d
100 _aStone, Diane
245 _aRapid knowledge: `bridging research and policy' at the Overseas Development Institute
260 _c2009
300 _ap.303-15.
362 _aOct
520 _aNumerous organizations advocate the need to `bridge research and policy'. Philanthropic foundations, national social science funding regimes and international organizations have sought to improve knowledge utilization. Similarly, research consumers such as NGOs and government departments complain of research irrelevance for policy purposes. The concern of this article is with `evidence informed policy' within the field of international development in which the Overseas Development Institute (ODI), a London-based think tank, forms the case study. Most think tanks are driven by the need to influence immediate political agendas but ODI has also developed organizational strategies of policy entrepreneurship that extend to longer term influence through creating human capital, building networks and engaging policy communities. - Reproduced.
650 _aResearch
773 _aPublic Administration and Development
908 _aN
909 _a84093
999 _c84093
_d84093